00707cam a2200217 a 450000100100000000500170001000800410002702000150006804000300008308200180011310000310013124500290016226000320019130000210022365000310024465000350027591000370031004900090034795201160035699900170047200001846220200929165818.0951005s1996 nyu 000 1 eng  a0425155943 aDO-SdBNPcDLCdDLCdBNPHU a813.54bC771c1 aCook, Robin,d1940-91156510aContagion /cRobin Cook. aNew York :bBerkley,c1996. a480 p. ;c24 cm. 4aNovela estadounidense9262 4aLiteratura estadounidense9263 aCatalogación por derivada / LC aBNGR 001050718MOaGRbGRcCTd2010-05-10iLF1l0o813.54 C771cp18462-10r2020-06-25w2020-06-25y1ZNo se presta c17982d17982